[Event "RUS-Cup"]
[Site "?"]
[Date "2000.??.??"]
[Round "3"]
[White "Sikula Vaszilij"]
[Black "Kholmov Ratmir D"]
[Result "1/2-1/2"]
[WhiteElo "2346"]
[BlackElo "2489"]
[PlyCount "42"]
[EventDate "2000.??.??"]
[Source "www.chesslib.no"]
[SourceDate "2004.05.04"]

1. e4 e5 2. Nf3 Nc6 3. Bb5 a6 4. Ba4 Nf6 5. Qe2 Be7 6. c3 d6 7. O-O Bd7 8. d4 O-O 9. Bb3 Bg4 10. Rd1 Qc8 11. h3 Bh5 12. d5 Nb8 13. c4 h6 14. Nbd2 g5 15. g4 Nxg4 16. hxg4 Qxg4+ 17. Kh2 f5 18. Bc2 Qf4+ 19. Kg2 Qg4+ 20. Kh2 Qf4+ 21. Kg2 Qg4+ 1/2-1/2

[Event "Budapest HUN"]
[Site "?"]
[Date "1997.??.??"]
[Round "7"]
[White "Madl Ildiko"]
[Black "Lukacs Peter"]
[Result "1/2-1/2"]
[WhiteElo "2365"]
[BlackElo "2470"]
[PlyCount "46"]
[EventDate "1997.??.??"]
[Source "www.chesslib.no"]
[SourceDate "2004.05.04"]

1. e4 e5 2. Nf3 Nc6 3. Bb5 a6 4. Ba4 Nf6 5. O-O Be7 6. Qe2 O-O 7. c3 b5 8. Bb3 d6 9. Rd1 Na5 10. Bc2 c5 11. d4 Qc7 12. h3 Bd7 13. d5 Nc4 14. Bg5 Nb6 15. Ne1 Rfd8 16. Nf3 Nbxd5 17. Nd4 Ne8 18. Ne6 Qb7 19. Bb3 f5 20. Na3 Rdc8 21. Rxd5 Bd8 22. Qe1 Kf7 23. Rxe5 Nc7 1/2-1/2

[Event "JUG-chT"]
[Site "Budva"]
[Date "1996.??.??"]
[Round "2"]
[White "Knezevic, Bojan"]
[Black "Blagojevic, Dragisa"]
[Result "1/2-1/2"]
[WhiteElo "2380"]
[BlackElo "2450"]
[PlyCount "58"]
[EventDate "1996.??.??"]
[Source "ChessBase"]

1. e4 e5 2. Nf3 Nc6 3. Bb5 a6 4. Ba4 Nf6 5. O-O Be7 6. Qe2 d6 7. c3 Bd7 8. Rd1 O-O 9. Bc2 Re8 10. d4 h6 11. Nbd2 Bf8 12. dxe5 Nxe5 13. Nxe5 Rxe5 14. f4 Re8 15. Qd3 g6 16. Qg3 Bg7 17. Bb3 Qe7 18. e5 Nh5 19. exd6 Qxd6 20. Qf2 Qxf4 21. Qxf4 Nxf4 22. Nf3 Ne2+ 23. Kf2 Nxc1 24. Bxf7+ Kxf7 25. Rxd7+ Re7 26. Rxe7+ Kxe7 27. Rxc1 Rd8 28. Re1+ Kf7 29. Ne5+ Bxe5 1/2-1/2

[Event "Oberliga Ost-B 0001"]
[Site "?"]
[Date "2000.12.10"]
[Round "4.1"]
[White "Margoline Boris"]
[Black "Vidonyak Roman"]
[Result "1/2-1/2"]
[WhiteElo "2398"]
[BlackElo "2423"]
[PlyCount "87"]
[EventDate "2000.??.??"]
[Source "www.chesslib.no"]
[SourceDate "2004.05.04"]

1. e4 e5 2. Nf3 Nc6 3. Bb5 Nf6 4. Qe2 d6 5. c3 a6 6. Ba4 b5 7. Bb3 Be7 8. O-O O-O 9. Rd1 Nd7 10. d4 Bf6 11. a4 Rb8 12. axb5 axb5 13. Be3 exd4 14. cxd4 Re8 15. Nc3 b4 16. Nd5 Ne7 17. e5 Nxd5 18. Bxd5 Be7 19. e6 fxe6 20. Bxe6+ Kh8 21. d5 Bf6 22. Nd4 Bxd4 23. Rxd4 Nc5 24. Bxc8 Qxc8 25. Rad1 Qf5 26. Qc4 Re4 27. Rxe4 Qxe4 28. Qc1 Qe7 29. h3 Kg8 30. Qd2 Nd7 31. Qd3 Nf6 32. Qc4 Qf7 33. Bg5 Qh5 34. Qc1 Rb5 35. Bxf6 gxf6 36. Re1 Rxd5 37. Qxc7 Rd1 38. Qd8+ Kg7 39. Qe7+ Kg8 40. Qd8+ Kg7 41. Qe7+ Kg8 42. Rxd1 Qxd1+ 43. Kh2 Qd4 44. Qe8+ 1/2-1/2

[Event "Apertura Ruy Lopez"]
[Site "?"]
[Date "1998.??.??"]
[Round "?"]
[White "MF Neuris Delgado(1.38)"]
[Black "MI Alberto Rivera(2.02)"]
[Result "1/2-1/2"]
[WhiteElo "2415"]
[BlackElo "2405"]
[PlyCount "85"]
[EventDate "1998.??.??"]
[Source "www.chesslib.no"]
[SourceDate "2004.05.04"]

1. e4 e5 2. Nf3 Nc6 3. Bb5 a6 4. Ba4 Nf6 5. Qe2 b5 6. Bb3 Be7 7. c3 d6 8. O-O O-O 9. Rd1 Na5 10. Bc2 c5 11. d3 Re8 12. Nbd2 h6 13. Nf1 Bf8 14. Ng3 Bb7 15. Nf5 Kh7 16. h3 g6 17. Ng3 Bg7 18. h4 h5 19. b4 cxb4 20. cxb4 Nc6 21. Bb3 Kg8 22. Ng5 Re7 23. Bb2 Qb6 24. a3 Bh6 25. Qf3 Kg7 26. Ne2 Bc8 27. d4 Bg4 28. Qe3 Bxe2 29. dxe5 Qxe3 30. exf6+ Kg8 31. fxe3 Bxd1 32. Rxd1 Rc7 33. Rxd6 Bxg5 34. hxg5 Re8 35. Bd5 Ne5 36. Bd4 Rc2 37. Kh2 Nf3+ 38. Kg3 Nxg5 39. e5 Ne6 40. Bxe6 Rxe6 41. Rd8+ Kh7 42. Rd7 Kg8 43. Rd8+ 1/2-1/2

[Event "Homenaje a la Bandera, Rosario ARG"]
[Site "?"]
[Date "2001.??.??"]
[Round "4"]
[White "Lorenzini, M."]
[Black "Slipak, S."]
[Result "1/2-1/2"]
[WhiteElo "2365"]
[BlackElo "2445"]
[PlyCount "67"]
[EventDate "2001.??.??"]
[Source "www.chesslib.no"]
[SourceDate "2004.05.04"]

1. e4 e5 2. Nf3 Nc6 3. Bb5 a6 4. Ba4 Nf6 5. O-O Be7 6. Qe2 d6 7. c3 O-O 8. Rd1 Bd7 9. d3 Re8 10. Bb3 h6 11. Nbd2 Bf8 12. Nf1 Na5 13. Bc2 c5 14. h3 Nc6 15. g4 Ne7 16. Nh4 Nh7 17. Ng3 Ng5 18. Kh2 Ne6 19. Nh5 Ng6 20. Ng2 Bc6 21. Bb3 Be7 22. Be3 d5 23. Qf3 d4 24. cxd4 cxd4 25. Bd2 Bg5 26. Qg3 a5 27. Rac1 a4 28. Bc4 a3 29. b3 Qd6 30. Bxe6 Qxe6 31. h4 Bxd2 32. Rxd2 Bd7 33. f3 Rec8 34. Rg1 1/2-1/2

[Event "Cheliabinsk-B"]
[Site "Chelyabinsk RUS"]
[Date "1989.??.??"]
[Round "?"]
[White "Varavin, Viktor"]
[Black "Arbakov, Valentin"]
[Result "0-1"]
[WhiteElo "2410"]
[BlackElo "2400"]
[PlyCount "126"]
[EventDate "1989.??.??"]
[Source "www.chesslib.no"]
[SourceDate "2004.05.04"]

1. e4 e5 2. Nf3 Nc6 3. Bb5 a6 4. Ba4 Nf6 5. Qe2 d6 6. c3 Bd7 7. d4 Be7 8. O-O O-O 9. d5 Nb8 10. Bxd7 Nbxd7 11. c4 Ne8 12. Qc2 g6 13. Bh6 Ng7 14. Nbd2 a5 15. b3 f5 16. a3 Rf7 17. b4 b6 18. Rfe1 Nh5 19. Rab1 Bf8 20. Bxf8 Rxf8 21. c5 axb4 22. cxd6 cxd6 23. axb4 Nf4 24. g3 Nh3+ 25. Kg2 Ng5 26. Rbc1 Nxf3 27. Nxf3 Qf6 28. exf5 gxf5 29. Qc7 Rad8 30. Rc6 e4 31. Nh4 Ne5 32. Rxb6 f4 33. Qc2 Rc8 34. Rc6 Nxc6 35. dxc6 fxg3 36. hxg3 Rxc6 37. Qxc6 Qxf2+ 38. Kh3 Qxe1 39. Qd5+ Kg7 40. Qg5+ Kf7 41. Qd5+ Ke7 42. Nf5+ Rxf5 43. Qxf5 Qh1+ 44. Kg4 h5+ 45. Kg5 Qf3 46. Qh7+ Ke6 47. Qg8+ Kd7 48. Qd5 Qxg3+ 49. Kxh5 e3 50. Qf7+ Kc6 51. Qe8+ Kd5 52. Qa8+ Kd4 53. Qa1+ Kc4 54. Qc1+ Kxb4 55. Qb2+ Kc4 56. Qc2+ Kd4 57. Qd1+ Ke4 58. Qb1+ Kf4 59. Qb4+ Kf3 60. Qb7+ Kf2 61. Qb6 Qf3+ 62. Kh4 Kg2 63. Qxd6 Qh3+ 0-1

[Event "Honved"]
[Site "Budapest"]
[Date "1997.??.??"]
[Round "7"]
[White "Fogarasi, Tibor"]
[Black "Gross, David"]
[Result "1/2-1/2"]
[WhiteElo "2450"]
[BlackElo "2360"]
[PlyCount "218"]
[EventDate "1997.02.??"]
[Source "ChessBase"]
[SourceDate "1997.07.29"]

1. e4 e5 2. Nf3 Nc6 3. Bb5 a6 4. Ba4 Nf6 5. Qe2 b5 6. Bb3 Be7 7. c3 d6 8. O-O O-O 9. Rd1 Na5 10. Bc2 c5 11. d4 Qc7 12. d5 Bd7 13. b3 g6 14. Nbd2 Nh5 15. Nf1 c4 16. b4 Nb7 17. Bh6 Rfb8 18. a4 a5 19. axb5 axb4 20. cxb4 Bxb5 21. g3 Nd8 22. Rxa8 Rxa8 23. Ne3 Ra2 24. Rc1 f6 25. Nd1 Ra3 26. Bd2 Nf7 27. Nc3 Bd7 28. Qd1 Qb6 29. Kg2 Bd8 30. Ba4 Bg4 31. Rb1 f5 32. h3 fxe4 33. hxg4 exf3+ 34. Qxf3 Nf6 35. g5 Qd4 36. Rd1 e4 37. Qe2 Nxd5 38. Nb5 Qd3 39. Qxd3 Rxd3 40. Bc2 Bb6 41. Bxd3 exd3 42. Nc3 Nxc3 43. Bxc3 Nxg5 44. f3 d5 45. Ra1 d4 46. Bd2 Nf7 47. Kf2 g5 48. Ra6 c3 49. Ke1 Ne5 50. Kd1 Nc4 51. Bxg5 d2 52. Bxd2 cxd2 53. Ra8+ Kf7 54. Rc8 Ne5 55. f4 Nd7 56. Kxd2 h5 57. Rc6 Ke7 58. Kd3 Ba7 59. Rc7 Bb6 60. Rc6 Ba7 61. Ke4 Nf6+ 62. Kf5 Nd5 63. Ra6 Bb8 64. Ke4 Nxb4 65. Rb6 Bd6 66. Kxd4 Nc2+ 67. Ke4 Ne1 68. Rb2 Kf6 69. Rb6 Ke7 70. Rb1 Nc2 71. Rh1 Nb4 72. Rxh5 Nc6 73. Rh7+ Ke6 74. f5+ Kf6 75. g4 Bf8 76. Rh5 Ne7 77. g5+ Kf7 78. Rh7+ Kg8 79. Rh1 Kf7 80. f6 Nc8 81. Kf5 Nd6+ 82. Kg4 Ne4 83. Rh7+ Kg6 84. Rh8 Nxf6+ 85. gxf6 Bd6 86. f7 Kxf7 87. Rh6 Ke7 88. Kf5 Bg3 89. Ke4 Kf7 90. Rh3 Bd6 91. Kf5 Kg7 92. Rd3 Bb4 93. Rd7+ Kh6 94. Rc7 Bd2 95. Rc6+ Kg7 96. Rc7+ Kh6 97. Rc2 Be3 98. Rg2 Bd4 99. Rg3 Bb2 100. Rg6+ Kh7 101. Rg2 Bc3 102. Ke6 Kh6 103. Rg3 Bd4 104. Kf5 Bb2 105. Rg6+ Kh7 106. Rc6 Bd4 107. Rd6 Bc3 108. Kg5 Kg7 109. Rd7+ Kf8 1/2-1/2

[Event "BCF Ch"]
[Site "Southport ENG"]
[Date "1983.??.??"]
[Round "10"]
[White "Horner, Jeff"]
[Black "Thipsay, Praveen Mahadeo"]
[Result "1-0"]
[WhiteElo "2380"]
[BlackElo "2425"]
[PlyCount "103"]
[EventDate "1983.08.??"]
[Source "www.chesslib.no"]
[SourceDate "2004.05.04"]

1. e4 e5 2. Nf3 Nc6 3. Bb5 a6 4. Ba4 Nf6 5. Qe2 Be7 6. c3 b5 7. Bb3 d6 8. O-O O-O 9. Rd1 Rb8 10. d3 Na5 11. Bc2 c5 12. Nbd2 Re8 13. Nf1 Bf8 14. Bg5 h6 15. Bh4 Nc6 16. Ne3 g5 17. Bg3 Nh5 18. Bb3 Nf4 19. Bxf4 exf4 20. Nd5 Be6 21. a3 Bg7 22. Re1 Ne7 23. Nxe7+ Qxe7 24. Bxe6 Qxe6 25. h3 f5 26. Qd2 Qf6 27. exf5 Qxf5 28. d4 Qd5 29. Qc2 Qf7 30. Rad1 c4 31. d5 Rbc8 32. Qd2 Qf5 33. Re2 Rxe2 34. Qxe2 Kf8 35. Re1 Qf7 36. h4 g4 37. Nd4 Bxd4 38. Qxg4 Bxf2+ 39. Kxf2 Re8 40. Rxe8+ Qxe8 41. Qxf4+ Kg7 42. Qxd6 Qe4 43. Qg3+ Kh7 44. d6 Qf5+ 45. Kg1 Qd5 46. Qf4 Kg6 47. Kf2 a5 48. Qg4+ Kh7 49. Qd4 Qf5+ 50. Kg1 Qd7 51. Qf6 Kg8 52. Qg6+ 1-0

[Event "Cappelle op"]
[Site "Cappelle la Grande "]
[Date "1996.??.??"]
[Round "1"]
[White "Aronian, Levon"]
[Black "Kholmov, Ratmir D"]
[Result "1-0"]
[WhiteElo "2310"]
[BlackElo "2495"]
[PlyCount "73"]
[EventDate "1996.02.??"]
[Source "ChessBase"]

1. e4 e5 2. Nf3 Nc6 3. Bb5 a6 4. Ba4 Nf6 5. Qe2 Be7 6. O-O d6 7. c3 O-O 8. Rd1 Bd7 9. d3 Re8 10. Bc2 Bf8 11. Nbd2 g6 12. Nf1 Bg7 13. Ng3 h6 14. h3 d5 15. Be3 Qe7 16. b4 d4 17. cxd4 exd4 18. Nxd4 Nxb4 19. Bb3 c5 20. Nc2 Nc6 21. Qd2 Kh7 22. Rac1 b6 23. d4 cxd4 24. Nxd4 Na5 25. e5 Ng8 26. f4 Rac8 27. Ne4 Rxc1 28. Rxc1 Rc8 29. Bd5 Rd8 30. Nd6 f6 31. f5 gxf5 32. N4xf5 Bxf5 33. Nxf5 Qxe5 34. Bxg8+ Rxg8 35. Qd3 Rb8 36. Nxh6+ f5 37. Nxf5 1-0

[Event "BUL Ch"]
[Site "Sofia BUL"]
[Date "1981.??.??"]
[Round "3"]
[White "Stefanov, Krasimir"]
[Black "Ermenkov, Evgenij P"]
[Result "1/2-1/2"]
[WhiteElo "2315"]
[BlackElo "2490"]
[PlyCount "134"]
[EventDate "1981.??.??"]
[Source "www.chesslib.no"]
[SourceDate "2004.05.04"]

1. e4 e5 2. Nf3 Nc6 3. Bb5 Nf6 4. Qe2 d6 5. c3 Bd7 6. O-O a6 7. Ba4 Be7 8. d4 O-O 9. Bc2 Re8 10. d5 Nb8 11. c4 a5 12. Nc3 Na6 13. Ne1 c6 14. Nd3 cxd5 15. cxd5 b5 16. f3 b4 17. Na4 Bb5 18. Be3 Nd7 19. Qd2 h6 20. Rfc1 Bg5 21. b3 Bxa4 22. bxa4 Rc8 23. Bd1 Nac5 24. Bxg5 Qxg5 25. Qxg5 hxg5 26. Nb2 Nb6 27. Kf1 g6 28. Bc2 Kg7 29. Ke2 Rc7 30. Kd2 Rec8 31. h3 Kf6 32. Rab1 Ke7 33. Bb3 f5 34. Bc2 Kf6 35. Ra1 Ncd7 36. Bb3 Rc3 37. Nd3 Rxc1 38. Rxc1 Rxc1 39. Nxc1 Nc5 40. Ke3 Nbxa4 41. Bxa4 Nxa4 42. Nb3 Nc3 43. Nxa5 Nxa2 44. Kd3 fxe4+ 45. fxe4 Ke7 46. Nb3 Nc3 47. g3 Nd1 48. Nd2 Nf2+ 49. Kc4 Nxh3 50. Kxb4 Kd7 51. Kb5 Kc7 52. Ka6 g4 53. Ka7 Nf4 54. Ka6 Kd7 55. Kb6 Nd3 56. Nb1 Nc5 57. Nc3 Nb3 58. Kb7 Na5+ 59. Kb6 Nc4+ 60. Kb5 Nd2 61. Kb6 Nf1 62. Ne2 Ne3 63. Nc3 Nc2 64. Kb7 Nd4 65. Kb8 Nb3 66. Kb7 Nc5+ 67. Kb6 Nd3 1/2-1/2

[Event "Linares Anibal op 7th"]
[Site "Linares"]
[Date "2000.01.15"]
[Round "9"]
[White "Sharma, Dinesh K"]
[Black "Skembris, Spyridon"]
[Result "1-0"]
[WhiteElo "2327"]
[BlackElo "2477"]
[PlyCount "63"]
[EventDate "2000.01.07"]
[Source "ChessBase"]
[SourceDate "2000.04.05"]

1. e4 e5 2. Nf3 Nc6 3. Bb5 a6 4. Ba4 Nf6 5. Qe2 Be7 6. c3 b5 7. Bb3 d6 8. O-O O-O 9. d4 Bg4 10. Rd1 Qe8 11. a4 Na5 12. Bc2 c5 13. axb5 axb5 14. dxe5 dxe5 15. Nbd2 c4 16. h3 Bxf3 17. Nxf3 Bc5 18. Be3 Qe7 19. Bg5 h6 20. Bxf6 Qxf6 21. Rd5 Nb7 22. Rxa8 Rxa8 23. Rxe5 Ra1+ 24. Bd1 Ba7 25. Qd2 Nc5 26. Re8+ Kh7 27. Kh2 Nd3 28. e5 Qc6 29. Rd8 Qb6 30. Rd4 Qc7 31. Rd6 Qb7 32. Rd8 1-0

[Event "Belgrade-A"]
[Site "Belgrade SCG"]
[Date "1990.??.??"]
[Round "3"]
[White "Zakic, Srdjan"]
[Black "Ziatdinov, Raset"]
[Result "1/2-1/2"]
[WhiteElo "2355"]
[BlackElo "2440"]
[PlyCount "26"]
[EventDate "1990.??.??"]
[Source "www.chesslib.no"]
[SourceDate "2004.05.04"]

1. e4 e5 2. Nf3 Nc6 3. Bb5 a6 4. Ba4 Nf6 5. O-O Be7 6. Qe2 d6 7. c3 O-O 8. Rd1 Nd7 9. h3 Bf6 10. d4 b5 11. Bc2 Nb6 12. dxe5 Bxe5 13. Nxe5 Nxe5 1/2-1/2

[Event "CRO-chT"]
[Site "Pula"]
[Date "1999.09.12"]
[Round "4"]
[White "Jovanovic, Sasa D"]
[Black "Franic, Milan"]
[Result "1/2-1/2"]
[WhiteElo "2354"]
[BlackElo "2422"]
[PlyCount "91"]
[EventDate "1999.09.05"]
[Source "www.chesslib.no"]
[SourceDate "2004.05.04"]

1. e4 e5 2. Nf3 Nc6 3. Bb5 a6 4. Ba4 Nf6 5. O-O Be7 6. Qe2 d6 7. Bxc6+ bxc6 8. d4 exd4 9. Nxd4 Bd7 10. Nc3 O-O 11. b3 Re8 12. Bb2 Bf8 13. Qd3 g6 14. Rfe1 Bg7 15. h3 Nh5 16. Rad1 Nf4 17. Qf3 Be5 18. Nde2 Ne6 19. Na4 Ng5 20. Qd3 Bxb2 21. Nxb2 Nxe4 22. Nc3 Nc5 23. Qd2 Qh4 24. Nd3 Nxd3 25. Qxd3 a5 26. Na4 Qg5 27. c4 c5 28. Nc3 Bc6 29. g3 Kf8 30. Nb5 Bxb5 31. cxb5 Rxe1+ 32. Rxe1 Re8 33. Qc3 Rxe1+ 34. Qxe1 Qf5 35. Qxa5 Qd7 36. b6 cxb6 37. Qxb6 Qe6 38. a4 Qe1+ 39. Kg2 Qe4+ 40. Kh2 Qd4 41. Kg2 Qd5+ 42. Kg1 Qd1+ 43. Kg2 Qd5+ 44. Kg1 Qd1+ 45. Kg2 Qd5+ 46. Kg1 1/2-1/2

[Event "FRA-ch"]
[Site "Meribel"]
[Date "1998.??.??"]
[Round "6"]
[White "Garcia Legaspe, Carlos"]
[Black "Franco, Alejandro Pascual"]
[Result "1-0"]
[WhiteElo "2365"]
[BlackElo "2410"]
[PlyCount "185"]
[EventDate "1998.08.14"]
[Source "www.chesslib.no"]
[SourceDate "2004.05.04"]

1. e4 e5 2. Nf3 Nc6 3. Bb5 a6 4. Ba4 Nf6 5. Qe2 Be7 6. c3 b5 7. Bb3 d6 8. O-O O-O 9. Rd1 Na5 10. Bc2 c5 11. d4 Qc7 12. d5 c4 13. h3 Nb7 14. Nbd2 Nc5 15. b4 cxb3 16. axb3 Ncd7 17. Bb2 Bb7 18. Nf1 Rfb8 19. Ne3 Bf8 20. g4 Nc5 21. Nd2 a5 22. b4 axb4 23. cxb4 Na4 24. Bxa4 bxa4 25. Rdc1 Qd7 26. Qd1 Bc8 27. Rc6 h5 28. g5 Nh7 29. h4 Qh3 30. Ng2 a3 31. Bc1 Rxb4 32. Qc2 Rba4 33. Rc3 Qg4 34. Raxa3 Rxa3 35. Bxa3 Ba6 36. f3 Qd7 37. Kh2 g6 38. Rc7 Rc8 39. Rxd7 Rxc2 40. Bb4 f6 41. Ra7 Ra2 42. f4 exf4 43. Nxf4 fxg5 44. Nxg6 Nf6 45. hxg5 Nxe4 46. Rxa6 Rxa6 47. Nxe4 Ra4 48. Bxd6 Rxe4 49. Nxf8 Rh4+ 50. Kg3 Rg4+ 51. Kf3 Rxg5 52. Ke4 h4 53. Ne6 Rg1 54. Bf4 Re1+ 55. Kf5 Rd1 56. d6 Kf7 57. Ng5+ Kg7 58. Be5+ Kh6 59. Nh3 Rd3 60. Nf4 Rd1 61. Ke6 Rxd6+ 62. Bxd6 Kg5 63. Ne2 Kg4 64. Ng1 Kg5 65. Kd5 Kf5 66. Kd4 Ke6 67. Bh2 Kf5 68. Ke3 Kg4 69. Ke4 Kg5 70. Kf3 Kf5 71. Nh3 Ke6 72. Ke4 Kd7 73. Bf4 Ke6 74. Bg5 Kd6 75. Bxh4 Kc5 76. Bg3 Kc4 77. Bf2 Kc3 78. Nf4 Kc4 79. Bd4 Kb5 80. Kd5 Kb4 81. Ne2 Kb3 82. Bc3 Kc2 83. Kc4 Kd1 84. Nd4 Kc1 85. Kd3 Kd1 86. Nf5 Kc1 87. Ne3 Kb1 88. Kc4 Ka2 89. Kb4 Kb1 90. Kb3 Kc1 91. Bb4 Kb1 92. Bd2 Ka1 93. Nc2+ 1-0

[Event "Zalakaros op"]
[Site "Zalakaros"]
[Date "1997.??.??"]
[Round "8"]
[White "Estrada Nieto, Julian"]
[Black "Gyorkos, Lajos"]
[Result "1/2-1/2"]
[WhiteElo "2340"]
[BlackElo "2425"]
[PlyCount "85"]
[EventDate "1997.??.??"]
[Source "www.chesslib.no"]
[SourceDate "2004.05.04"]

1. e4 e5 2. Nf3 Nc6 3. Bb5 a6 4. Bc4 Nf6 5. O-O Be7 6. Qe2 b5 7. Bb3 d6 8. c3 Na5 9. Bc2 c5 10. Rd1 O-O 11. d4 Qc7 12. d5 c4 13. b4 cxb3 14. axb3 Bd7 15. Ba3 Bg4 16. h3 Bxf3 17. Qxf3 g6 18. Bxd6 Bxd6 19. Qxf6 Nb7 20. h4 Be7 21. Qc6 Qxc6 22. dxc6 Nd8 23. c7 Ne6 24. Rd7 Bc5 25. Nd2 Bb6 26. Rd6 Bxc7 27. Rdxa6 Rac8 28. Rc6 b4 29. cxb4 Nd4 30. Rc4 Bd6 31. Bd3 Rb8 32. Nf3 Nxf3+ 33. gxf3 Be7 34. Rc7 Bxh4 35. Bc4 Bd8 36. Rd7 Bb6 37. b5 Kg7 38. Ra6 g5 39. Re7 Kf6 40. Rd7 Kg7 41. Rd6 Bc5 42. Rdc6 Bd4 43. Rc7 1/2-1/2

[Event "XII WYCF b18, Cala Galdana ESP"]
[Site "?"]
[Date "1996.??.??"]
[Round "?"]
[White "Socko, B."]
[Black "Yin, H."]
[Result "0-1"]
[WhiteElo "2445"]
[BlackElo "2320"]
[PlyCount "68"]
[EventDate "1996.??.??"]
[Source "www.chesslib.no"]
[SourceDate "2004.05.04"]

1. e4 e5 2. Nf3 Nc6 3. Bb5 a6 4. Ba4 Nf6 5. Qe2 Be7 6. O-O d6 7. c3 O-O 8. d4 Bd7 9. d5 Nb8 10. Bxd7 Nbxd7 11. c4 c6 12. dxc6 bxc6 13. Nc3 Nc5 14. Rd1 Qc7 15. b3 Ne6 16. Ba3 Qa5 17. Na4 c5 18. Qe1 Qc7 19. Nc3 Nd4 20. Rac1 Rfe8 21. Nd2 Qb7 22. Qe3 h6 23. Bb2 Bd8 24. f4 Ba5 25. f5 Bb4 26. Ndb1 Rab8 27. Kf1 a5 28. Na4 Qc6 29. Rd3 Ng4 30. Qg3 Qxe4 31. Bxd4 exd4 32. Rf3 Ne5 33. f6 g6 34. Rf4 Qd3+ 0-1

[Event "Rilton Cup Open 9394"]
[Site "Stockholm SWE"]
[Date "1993.??.??"]
[Round "5"]
[White "Andersson, Mats"]
[Black "Nielsen, Peter Heine"]
[Result "1/2-1/2"]
[WhiteElo "2325"]
[BlackElo "2440"]
[PlyCount "66"]
[EventDate "1993.??.??"]
[Source "www.chesslib.no"]
[SourceDate "2004.05.04"]

1. e4 e5 2. Nf3 Nc6 3. Bb5 Nf6 4. Qe2 d6 5. c3 Bd7 6. O-O a6 7. Ba4 Be7 8. d4 O-O 9. Bc2 Re8 10. dxe5 Nxe5 11. Nxe5 dxe5 12. Rd1 Bc5 13. Be3 Qe7 14. Nd2 Bb5 15. Qf3 a5 16. a4 Bd7 17. Qe2 Bg4 18. f3 Be6 19. Nf1 Ra6 20. Rd2 Rb6 21. Bd3 h6 22. Bb5 Ra8 23. Rad1 Bb3 24. Ra1 Bxe3+ 25. Nxe3 Qc5 26. Kf2 Rd6 27. Rxd6 Qxd6 28. Bc4 Bxc4 29. Nxc4 Qc5+ 30. Ne3 c6 31. Rd1 b5 32. axb5 cxb5 33. Qd2 b4 1/2-1/2

[Event "World Open"]
[Site "Philadelphia, PA USA"]
[Date "1995.??.??"]
[Round "3"]
[White "Markzon, Gregory"]
[Black "Blatny, Pavel"]
[Result "0-1"]
[WhiteElo "2280"]
[BlackElo "2485"]
[PlyCount "80"]
[EventDate "1995.06.??"]
[Source "www.chesslib.no"]
[SourceDate "2004.05.04"]

1. e4 e5 2. Nf3 Nc6 3. Bb5 a6 4. Ba4 Nf6 5. Qe2 b5 6. Bb3 Be7 7. c3 d6 8. O-O O-O 9. Rd1 Nd7 10. d4 Bf6 11. d5 Ne7 12. Nbd2 g6 13. a4 Rb8 14. Bc2 Bg7 15. axb5 axb5 16. b4 Nf6 17. Bd3 Bd7 18. Nf1 Nh5 19. g3 Qe8 20. Ra7 Nc8 21. Ra5 h6 22. Ne1 f5 23. f3 Nf6 24. Ne3 Ne7 25. N1c2 g5 26. g4 f4 27. Nf1 h5 28. h3 hxg4 29. hxg4 Ng6 30. Nh2 Kf7 31. Ra7 Qc8 32. Na3 Rh8 33. Nxb5 Rb7 34. Ra1 Rh3 35. Rf1 Rg3+ 36. Kh1 Qh8 37. c4 Nh4 38. Ra2 Nxf3 39. Rxf3 Bxg4 40. Qf1 Bh3 0-1

[Event "Lazne Bohdanec-B"]
[Site "Lazne Bohdanec"]
[Date "1996.??.??"]
[Round "11"]
[White "Blehm, Pawel"]
[Black "Pribyl, Martin"]
[Result "1/2-1/2"]
[WhiteElo "2435"]
[BlackElo "2325"]
[PlyCount "40"]
[EventDate "1996.01.??"]
[Source "www.chesslib.no"]
[SourceDate "2004.05.04"]

1. e4 e5 2. Nf3 Nc6 3. Bb5 a6 4. Ba4 Nf6 5. Qe2 Be7 6. O-O d6 7. c3 b5 8. Bb3 Bg4 9. h3 Bh5 10. d3 O-O 11. Rd1 Na5 12. Bc2 c5 13. Nbd2 Nc6 14. Nf1 Qd7 15. Ne3 Rfe8 16. g4 Bg6 17. Nh4 d5 18. Nef5 d4 19. cxd4 Nxd4 20. Nxd4 Qxd4 1/2-1/2

[Event "XXV Festival internazionale - Open A"]
[Site "Bled SLO"]
[Date "2008.02.24"]
[Round "2"]
[White "Gombac, Jan"]
[Black "Okhotnik, Vladimir"]
[Result "0-1"]
[WhiteElo "2293"]
[BlackElo "2460"]
[PlyCount "62"]
[EventDate "8.02.24"]
[Source "www.chesslib.no"]
[SourceDate "2004.05.04"]

1. e4 e5 2. Nf3 Nc6 3. Bb5 a6 4. Ba4 Nf6 5. O-O Be7 6. Qe2 d6 7. c3 Bg4 8. h3 Bh5 9. Bxc6+ bxc6 10. d4 Nd7 11. Be3 f5 12. Qc4 f4 13. Bd2 c5 14. dxe5 dxe5 15. Na3 Rb8 16. Qxa6 O-O 17. Qe2 Rb6 18. Nc4 Rh6 19. a4 g5 20. a5 g4 21. hxg4 Bxg4 22. a6 Qe8 23. Rfe1 Qh5 24. Kf1 Qh1+ 25. Ng1 Bxe2+ 26. Kxe2 Qxg2 27. Nf3 Qg7 28. a7 Ra8 29. Red1 Bd6 30. Bc1 Nb6 31. Nxd6 cxd6 0-1

[Event "Imperia Open"]
[Site "Imperia"]
[Date "1989.??.??"]
[Round "3"]
[White "Mrdja, Milan"]
[Black "Kljako, Damir"]
[Result "0-1"]
[WhiteElo "2405"]
[BlackElo "2345"]
[PlyCount "82"]
[EventDate "1989.??.??"]
[Source "www.chesslib.no"]
[SourceDate "2004.05.04"]

1. e4 e5 2. Nf3 Nc6 3. Bb5 a6 4. Ba4 Nf6 5. Qe2 b5 6. Bb3 Be7 7. c3 d6 8. O-O O-O 9. h3 Na5 10. Bc2 c5 11. d4 Qc7 12. Rd1 Bb7 13. d5 Bc8 14. Nbd2 c4 15. Nf1 Nb7 16. g4 Nc5 17. Ng3 Re8 18. Kh2 Kh8 19. Rg1 a5 20. g5 Ng8 21. Nf5 Bf8 22. Rg3 Nd3 23. Bxd3 cxd3 24. Qd1 Bxf5 25. exf5 Qc5 26. g6 f6 27. gxh7 Ne7 28. Be3 Qxd5 29. Nh4 Qf7 30. Qxd3 Qh5 31. Rg4 d5 32. Qxb5 Rab8 33. Qd7 Rbd8 34. Qe6 Kxh7 35. Rag1 d4 36. Ng6 Nxg6 37. Qf7 dxe3 38. Rxg6 Kh8 39. Qc4 Rd2 40. R1g4 Rxf2+ 41. Kg3 e4 0-1

[Event "Ramat Hasharon"]
[Site "Ramat Hasharon"]
[Date "1992.??.??"]
[Round "7"]
[White "Varga, Zoltan"]
[Black "Slutzky, Leonid"]
[Result "1-0"]
[WhiteElo "2480"]
[BlackElo "2265"]
[PlyCount "83"]
[EventDate "1992.??.??"]
[Source "www.chesslib.no"]
[SourceDate "2004.05.04"]

1. e4 e5 2. Nf3 Nc6 3. Bb5 Nf6 4. Qe2 a6 5. Ba4 Be7 6. O-O d6 7. h3 O-O 8. c3 Bd7 9. Bb3 Kh8 10. d3 Ng8 11. d4 Bf6 12. dxe5 dxe5 13. Rd1 Qe7 14. Na3 Be6 15. Bd5 Nd8 16. Be3 Re8 17. Nc4 Bxd5 18. Rxd5 b5 19. Ncxe5 Bxe5 20. Rxe5 Ne6 21. a4 c6 22. Ng5 Qc7 23. Bb6 Qb7 24. Nxe6 fxe6 25. Bd4 Nf6 26. Rg5 Qc7 27. Bxf6 gxf6 28. Rc5 Qd6 29. b4 a5 30. Rd1 Qe7 31. axb5 cxb5 32. Rxb5 a4 33. Ra1 Red8 34. Qc2 a3 35. Qb3 Qc7 36. e5 Rg8 37. Rc5 Qb7 38. g4 Qf3 39. Qxe6 Qxh3 40. Qxf6+ Rg7 41. Rc4 a2 42. Rxa2 1-0

[Event "Budapest FS07 IM-A"]
[Site "Budapest"]
[Date "2002.07.11"]
[Round "6"]
[White "Predojevic, Borki"]
[Black "Hajnal, Zoltan"]
[Result "1-0"]
[WhiteElo "2359"]
[BlackElo "2377"]
[PlyCount "93"]
[EventDate "2002.07.06"]
[Source "ChessBase"]
[SourceDate "2002.09.11"]

1. e4 e5 2. Nf3 Nc6 3. Bb5 a6 4. Ba4 Nf6 5. Qe2 b5 6. Bb3 Be7 7. c3 d6 8. O-O O-O 9. Rd1 Na5 10. Bc2 c5 11. d4 Qc7 12. d5 Nc4 13. b3 Nb6 14. a4 Bd7 15. a5 Nc8 16. h3 g6 17. Bh6 Re8 18. Nbd2 Nh5 19. Nf1 Nf4 20. Qd2 Bf6 21. Ng3 Qd8 22. b4 cxb4 23. cxb4 Kh8 24. Ra3 g5 25. h4 gxh4 26. Nf5 Bxf5 27. exf5 Ne7 28. Ng5 Rf8 29. Ne4 Ng8 30. Bxf8 Qxf8 31. g3 Qg7 32. Kf1 hxg3 33. fxg3 Nh3 34. Nxd6 Ne7 35. Qh6 Qxh6 36. Nxf7+ Kg7 37. Nxh6 Kxh6 38. d6 Ng8 39. Rc3 Ng5 40. d7 Rd8 41. Rc6 Kg7 42. Rxa6 Be7 43. Rc6 Bxb4 44. a6 Ne7 45. f6+ Kf8 46. fxe7+ Kxe7 47. Rc8 1-0